Tippe Länder, indem du klickst! - Statistiken

Allgemein
  • Dieses Quiz wurde 225 mal gespielt
  • Das Durchschnittsergebnis liegt bei 52 aus 86
Antwortstatistiken
Hint Antwort % Korrekt
MEXIKO M
97%
. E
74%
VENEZUELA V
74%
. X
72%
. I
70%
. E
69%
. E
68%
. N
67%
. E
66%
. K
66%
LESOTHO L
66%
. O
66%
. U
66%
. Z
66%
. A
65%
. L
65%
BULGARIEN B
64%
. E
64%
. S
63%
SÜDAFRIKA S
63%
. A
62%
. A
62%
. E
62%
. H
62%
. N
62%
. O
62%
. O
62%
PARAGUAY P
62%
. T
62%
. U
62%
. F
61%
. L
61%
. S
61%
. A
60%
. A
60%
. D
60%
. G
60%
. G
60%
. I
60%
JAPAN J
60%
. R
60%
. R
60%
SCHWEIZ S
60%
. T
60%
. A
59%
. A
59%
. C
59%
. C
59%
. E
59%
. H
59%
. H
59%
. I
59%
. K
59%
ÖSTERREICH Ö
59%
. R
59%
. R
59%
. U
59%
. E
58%
. E
58%
. I
58%
. Ü
58%
. Y
58%
. A
57%
. I
57%
. N
57%
. W
57%
. A
56%
. P
56%
. Q
56%
. R
56%
. U
56%
. Z
56%
ÄQUATORIALGUINEA Ä
55%
. A
55%
. O
54%
. T
54%
. I
53%
. R
53%
. A
51%
. A
51%
. E
51%
. G
51%
. I
51%
. L
51%
. N
51%
. U
51%
Keine übereinstimmenden Quizze gefunden
Verteilung der Resultate
Anzahl Personen mit jedem Resultat
Perzentil nach korrekt beantworteten Fragen
Ihre Resultats-Entwicklung
Sie haben dieses Quiz noch nicht gespielt